000 00948nas a2200277 i 4500
001 971
003 ES-MaACL
005 20260201160540.0
007 t|
008 950801d19371985sp w|ype | ||pa d
022 _a0011-9563
080 _a(051)
245 0 0 _aDestino
_b: política de unidad /
_c[dir. Ignacio Agustí].
246 3 _aDestino (Barcelona)
260 _aBarcelona :
_b[Publicaciones y Revistas],
_c1937-1985.
300 _a106 v. ;
_c40 cm.
310 _aSemanal
362 1 _aAño I (7 marzo 1937)- año XLIII (nueva época), n. 8 (16/22 mayo 1985)
530 _aDisponible en formato digital.
650 1 4 _aRevistas de información general.
_916896
700 1 _aAgustí, Ignacio,
_d1913-1974
_918909
852 _aES-MaACL
_jHem-63
856 _uhttp://www.bnc.cat/digital/destino/index.html
_zBiblioteca de Catalunya
866 0 _o1943-59(1960f.n.1170)1961-74(1975f.n.1978)1976-78(1979-80)
999 _c971
_d971